LEADER 01028cam0-22003131i-450 001 990008041600403321 005 20180326130723.0 035 $a000804160 035 $aFED01000804160 035 $a(Aleph)000804160FED01 035 $a000804160 100 $a20050407d1995----km-y0itay50------ba 101 0 $aeng 102 $aNL 200 1 $aAdvances in turbulence V$eproceedings of the fifth European Turbulence Conference, Siena, Italy, 5-8 July 1994$fedited by Roberto Benzi 210 $aDordrecht ; Boston$cKluwer Academic$d1995 215 $axiii, 595 p.$cill.$d24 cm 225 1 $aFluid mechanics and its applications$v24 610 0 $aMeccanica dei fluidi 676 $a532.0527$v20$zita 702 1$aBenzi,$bRoberto$f<1952- > 710 02$aEuropean Turbulence Conference$d5.$f<1994 ;$eSiena>$0497279 801 0$aIT$bUNINA$gREICAT$2UNIMARC 901 $aBK 912 $a990008041600403321 952 $a15 ID B/7-25$b967$fDINID 959 $aDINID 996 $aAdvances in turbulence V$9752608 997 $aUNINA LEADER 01318nam--2200349---450- 001 990005982950203316 005 20141120093835.0 010 $a978-88-348-8862-9 035 $a000598295 035 $aUSA01000598295 035 $a(ALEPH)000598295USA01 035 $a000598295 100 $a20141120d2013----km-y0itay50------ba 101 $aita 102 $aIT 105 $a||||||||001yy 200 1 $a<> Costituzione di Cadice nel bicentenario della sua promulgazione$eatti del Convegno dell'Associazione di diritto pubblico comparato ed europeo, Milano, Università commerciale L. Bocconi, 11 maggio 2012$fa cura di Giuseppe Franco Ferrari 210 $aTorino$cGiappichelli$d2013 215 $a223 p.$d24 cm 225 2 $aDiritto pubblico comparato ed europeo$iConvegni$v18 410 0$aDiritto pubblico comparato ed europeo$iConvegni$v, 18 606 0 $aCostituzioni politiche$xSpagna$z1812$xAtti di congressi$2BNCF 676 $a342.4602 702 1$aFERRARI,$bGiuseppe Franco$f<1950- > 801 0$aIT$bsalbc$gISBD 912 $a990005982950203316 951 $aXXIV.2.M. 435$b81206 G.$cXXIV.2.M.$d359330 959 $aBK 969 $aGIU 979 $aCHIARA$b90$c20141120$lUSA01$h0938 996 $aCostituzione di Cadice nel bicentenario della sua promulgazione$91079901 997 $aUNISA LEADER 02031oam 2200529M 450 001 9910716436703321 005 20200213070526.3 035 $a(CKB)5470000002521780 035 $a(OCoLC)1065823840 035 $a(OCoLC)995470000002521780 035 $a(EXLCZ)995470000002521780 100 $a20071213d1927 ua 0 101 0 $aeng 135 $aurcn||||||||| 181 $ctxt$2rdacontent 182 $cc$2rdamedia 183 $acr$2rdacarrier 200 10$aCharlotte Chamber of Commerce and Capt. Charles G. Dobbins, United States Army. January 17 (calendar day, February 21), 1927. -- Ordered to be printed 210 1$a[Washington, D.C.] :$c[U.S. Government Printing Office],$d1927. 215 $a1 online resource (2 pages) 225 1 $aSenate report / 69th Congress, 2nd session. Senate ;$vno. 1545 225 1 $a[United States congressional serial set] ;$v[serial no. 8687] 300 $aBatch processed record: Metadata reviewed, not verified. Some fields updated by batch processes. 300 $aFDLP item number not assigned. 517 $aCharlotte Chamber of Commerce and Capt. Charles G. Dobbins, United States Army. January 17 606 $aClaims 606 $aCollecting of accounts 606 $aLeases 606 $aMilitary training camps 606 $aMilitary training camps$xSounds 606 $aWorld War, 1914-1918 608 $aLegislative materials.$2lcgft 615 0$aClaims. 615 0$aCollecting of accounts. 615 0$aLeases. 615 0$aMilitary training camps. 615 0$aMilitary training camps$xSounds. 615 0$aWorld War, 1914-1918. 701 $aMeans$b Rice William$f1877-1949$pRepublican (CO)$01386800 801 0$bWYU 801 1$bWYU 801 2$bOCLCO 801 2$bOCLCQ 906 $aBOOK 912 $a9910716436703321 996 $aCharlotte Chamber of Commerce and Capt. Charles G. Dobbins, United States Army. January 17 (calendar day, February 21), 1927. -- Ordered to be printed$93484476 997 $aUNINA